000 00669nam a2200193 a 4500
001 000024580
005 20200930023242.0
008 860327s1981 sp 000 0 spa d
020 _a8427605196
040 _aDO-SdBNP
_bspa
_cBNPHU
082 _ann*
_bnn*
100 1 _aDomínguez del Val, Ursicino.
_950409
245 1 0 _aLeandro de Sevilla y la lucha contra el arrianismo /
_cUrsicino Domínguez.
260 _aMadrid :
_bNacional,
_c1981.
300 _a541 p. ;
_c21 cm.
490 1 _aBiblioteca de visionarios heterodoxos y marginados. Segunda serie
_v12
830 0 _aBiblioteca de visionarios heterodoxos y marginados
_pSegunda serie,
_v12
_950410
049 _aBNGR
999 _c24073
_d24073